000 01020nac a22003017a 4500
001 BR7305551
003 BR-BrBNA
005 20240105113530.0
008 230509b bl.|||m| |||| 00| 0 por d
040 _aBR-BrBNA
_bpor
_cBiblioteca Nacional de Agricultura
072 _aF10; A00; E10
090 _aF10 BR7305551
100 1 _aMonteiro, C.A. de F.
110 1 _aUniversidade de Sao Paulo, Sao Paulo (Brasil). Inst. de Geografia
_910547
245 1 _aO clima e a organizacao do espaco no estado de Sao Paulo: problemas e perspectivas [Brasil]
260 3 _aSao Paulo, SP (Brasil):
_c1976.
300 _a54 p.
490 _aTeses e Monografias - Universidade de Sao Paulo. Inst. de Geografia (Brazil)
_vno. 28
_x
500 _a6 illus.; Bibliography p. 49-54 (81 ref.)
650 _aCLIMATOLOGIA
650 _aMETEOROLOGIA
650 _aAGRICULTURA
650 _aECONOMIA
650 _aMEIO AMBIENTE
650 _aSAO PAULO
909 _a202312
_bLúcia Elande
_c55
_dLúcia Elande
942 _2AGRIS
_n0
_cMS
999 _c264277
_d264277